English for business <a> functional approach

Gespeichert in:
Bibliographische Detailangaben
1. Verfasser: Chilver, J.
Format: Buch
Sprache:Englisch
Veröffentlicht: London DP Publications Limited 1992
Ausgabe:2. ed.
Schriftenreihe:<The> Complete Course Text
Schlagworte:
Tags: Tag hinzufügen
Keine Tags, Fügen Sie das erste Tag hinzu!

MARC

LEADER 00000nam a2200000 4500
001 c004453
005 20221206083058.5
020 |a 1-85805-063-4 
041 0 |a eng 
044 |a GB 
245 1 0 |a English for business  |b <a> functional approach  |c J. Chilver 
250 |a 2. ed. 
264 1 |a London  |b DP Publications Limited  |c 1992 
300 |a 304 s. 
490 1 |a <The> Complete Course Text 
830 0 |a <The> Complete Course Text 
610 2 0 |a obchod 
610 2 0 |a angličtina 
100 1 |a Chilver, J.